Quel est le plus recherché sur Google ? #2 - Statistiques

Statistiques générales
  • Ce quiz a été pris 144 fois
  • Le résultat moyen est 3 sur 10
Statistiques - réponses
Question Réponse % Correct
Quel est la plus recherché ? Louis XIV
81%
Quel est le plus recherché ? Tour Eiffel
81%
Quel est le plus recherché ? Corse
34%
Quel est le plus recherché ? Corée du Sud
29%
Quel est le plus recherché ? François Bayrou
26%
Quel est le plus recherché ? Alpes
22%
Quel est le plus recherché ? Zurich
20%
Quel est le plus recherché ? Cantal (Département)
16%
Quel est le plus recherché ? Londres
15%
Quel est le plus recherché ? Jeux olympiques de Tokyo 2020
5%
Aucun quiz correspondant
Distribution des résultats
% des personnes avec chaque résultat
Percentile par nombre de réponses
Votre historique - résultats
Vous n’avez pas pris ce quiz